000 00633nam a22002297a 4500
003 UA-OsUOA
001 62317
007 ta
008 20090818b un ||||| |||| 00| 0 ukr d
100 _aКлепикова А.
090 _a37.013.74
_bК48
942 _cBK
040 _aUA-OsUOA
_brus
_cUA-OsUOA
_dUA-OsUOA
245 _aРабота заведующего начальной школой
300 _a116 с.
955 _a1
041 _arus
080 _a37.013.74
260 _aМ.
_bГУПИН РСФСР
_c1939
650 7 _a37.0 Основні види та принципи освіти
_2UDC
999 _c348407
_d348407